[Event "14th Capablanca Memorial"]
[Site "Cienfuegos CUB"]
[Date "1977.05.30"]
[Round "11"]
[White "Farago, Ivan"]
[Black "Hedman Senarega, Jose Antonio"]
[Result "0-1"]
[WhiteElo "2500"]
[BlackElo "2270"]
[EventDate "1977.05.18"]
[PlyCount "80"]

1.d4 d5 2.c4 e6 3.Nc3 Nf6 4.Nf3 Be7 5.Bf4 O-O 6.e3 c5 7.dxc5 Bxc5 8.Qc2 
Nc6 9.a3 Qa5 10.Rd1 Be7 11.Nd2 e5 12.Bg5 d4 13.Nb3 Qb6 14.Bxf6 Bxf6 15.Nd5
Qd8 16.Bd3 g6 17.exd4 Nxd4 18.Nxd4 exd4 19.Nxf6+ Qxf6 20.O-O Rd8 21.Be4 a5
22.Qd3 Be6 23.f4 Rac8 24.b3 Bf5 25.Bxf5 Qxf5 26.Qxf5 gxf5 27.a4 Rc6 28.
Rfe1 Re6 29.Rxe6 fxe6 30.Kf2 Kf7 31.Ke2 Kf6 32.Kd3 e5 33.fxe5+ Kxe5 34.
Re1+ Kf6 35.Rf1 Rg8 36.g3 Rg4 37.Rf4 Ke5 38.Rf3 h5 39.c5 Re4 40.Kc4 Re3 
0-1

[Event "14th Capablanca Memorial"]
[Site "Cienfuegos CUB"]
[Date "1977.06.01"]
[Round "12"]
[White "Rodriguez Cespedes, Amador"]
[Black "Dorfman, Iosif"]
[Result "1/2-1/2"]
[WhiteElo "2395"]
[BlackElo "2445"]
[EventDate "1977.05.18"]
[PlyCount "72"]

1.e4 e5 2.Nf3 Nc6 3.Bb5 a6 4.Ba4 Nf6 5.O-O b5 6.Bb3 Bb7 7.d3 Be7 8.c4 b4 
9.Ba4 d6 10.d4 O-O 11.d5 Nb8 12.Bc2 a5 13.h3 c6 14.Re1 Nbd7 15.Be3 Qb8 16.
Nbd2 Rc8 17.Nf1 cxd5 18.cxd5 Bd8 19.Ng3 g6 20.Rc1 Bb6 21.Bxb6 Nxb6 22.Qd2 
Rc5 23.Nf5 Qf8 24.Nh6+ Kg7 25.Bd3 Rxc1 26.Rxc1 Rc8 27.Rxc8 Qxc8 28.Nf5+ 
gxf5 29.Qg5+ Kf8 30.Qxf6 fxe4 31.Qxd6+ Kg8 32.Bxe4 Qc1+ 33.Kh2 Qf4+ 34.Kg1
Qc1+ 35.Kh2 Qf4+ 36.Kg1 Qc1+ 1/2-1/2

[Event "14th Capablanca Memorial"]
[Site "Cienfuegos CUB"]
[Date "1977.06.01"]
[Round "12"]
[White "Ermenkov, Evgeny"]
[Black "Romanishin, Oleg"]
[Result "1/2-1/2"]
[WhiteElo "2445"]
[BlackElo "2595"]
[EventDate "1977.05.18"]
[PlyCount "56"]

1.e4 e5 2.Nf3 Nc6 3.Bb5 a6 4.Ba4 Nf6 5.O-O Be7 6.Bxc6 dxc6 7.d3 Qd6 8.Nbd2
Be6 9.b3 b5 10.a4 Nd7 11.Bb2 O-O 12.Qe2 c5 13.Ne1 f6 14.g3 Qc6 15.Ng2 Nb6 
16.a5 Nd7 17.Ne3 Rfe8 18.f4 exf4 19.gxf4 c4 20.bxc4 bxc4 21.Ndxc4 Bc5 22.
Kh1 Rab8 23.f5 Bf7 24.Ba3 Bd4 25.Rad1 Nc5 26.Bxc5 Qxc5 27.Qf3 Re7 28.Rd2 
c6 1/2-1/2

[Event "14th Capablanca Memorial"]
[Site "Cienfuegos CUB"]
[Date "1977.06.01"]
[Round "12"]
[White "Antoshin, Vladimir"]
[Black "Garcia Gonzales, Guillermo"]
[Result "0-1"]
[WhiteElo "2475"]
[BlackElo "2485"]
[EventDate "1977.05.18"]
[PlyCount "68"]

1.d4 Nf6 2.Nf3 g6 3.Nc3 d5 4.Bf4 Bg7 5.e3 O-O 6.Be2 b6 7.O-O Bb7 8.Nb5 Na6
9.c4 Nh5 10.Be5 f6 11.Bg3 c6 12.Nc3 Nxg3 13.hxg3 Nc7 14.cxd5 cxd5 15.Rc1 
e6 16.Ne1 Rf7 17.Qa4 Bf8 18.Nd3 Rd7 19.Rc2 Qe7 20.Rfc1 Ne8 21.Nb4 a6 22.
Nd3 Nd6 23.Qb3 Nc4 24.e4 dxe4 25.Nf4 b5 26.Bxc4 bxc4 27.Qxc4 Rd6 28.d5 
exd5 29.Nfxd5 Qf7 30.Rd1 Rc8 31.Qxc8 Bxc8 32.Nxe4 Rxd5 33.Rxd5 Bf5 34.f3 
Qxd5 0-1

[Event "14th Capablanca Memorial"]
[Site "Cienfuegos CUB"]
[Date "1977.06.01"]
[Round "12"]
[White "Hedman Senarega, Jose Antonio"]
[Black "Menvielle Laccourreye, Augusto"]
[Result "0-1"]
[WhiteElo "2270"]
[BlackElo "2340"]
[EventDate "1977.05.18"]
[PlyCount "98"]

1.e4 c5 2.Nf3 Nf6 3.Nc3 Nc6 4.d4 cxd4 5.Nxd4 e5 6.Ndb5 d6 7.a4 a6 8.Na3 
Be6 9.Bg5 Be7 10.Nc4 O-O 11.Bxf6 Bxf6 12.Qxd6 Qe8 13.Qd2 Rd8 14.Nd5 Bxd5 
15.exd5 Nd4 16.Ne3 Bg5 17.h4 Bh6 18.Bc4 Qe7 19.c3 Qc5 20.Qd3 Bxe3 21.fxe3 
Nf5 22.Qxf5 Qxc4 23.e4 g6 24.Qf3 f5 25.Qe2 Qc5 26.O-O-O b5 27.exf5 Rxf5 
28.g4 Qf2 29.Rh2 Qf4+ 30.Kb1 Rf7 31.axb5 axb5 32.h5 g5 33.b3 Ra8 34.Qb2 
Rfa7 35.Rhd2 Qxg4 36.d6 Qf5+ 37.Rd3 Ra6 38.d7 R6a7 39.Kc1 Qf4+ 40.R1d2 Rd8
41.Kb1 Raxd7 42.Rxd7 Rxd7 43.Rxd7 Qf5+ 44.Qc2 Qxd7 45.Qe4 Qd1+ 46.Kb2 Qd2+
47.Ka3 Qxc3 48.Qd5+ Kg7 49.Qd6 Qa1+ 0-1

[Event "14th Capablanca Memorial"]
[Site "Cienfuegos CUB"]
[Date "1977.06.02"]
[Round "13"]
[White "Romanishin, Oleg"]
[Black "Rodriguez Cespedes, Amador"]
[Result "1-0"]
[WhiteElo "2595"]
[BlackElo "2395"]
[EventDate "1977.05.18"]
[PlyCount "79"]

1.d4 Nf6 2.c4 g6 3.Nc3 Bg7 4.e4 d6 5.f3 O-O 6.Be3 a6 7.Bd3 c5 8.Nge2 Nc6 
9.d5 Ne5 10.a4 e6 11.dxe6 Bxe6 12.b3 b5 13.axb5 axb5 14.Rxa8 Qxa8 15.Nxb5 
Qa5+ 16.Nec3 Nfd7 17.O-O Nxf3+ 18.gxf3 Bxc3 19.Qc2 Bg7 20.Rd1 Ne5 21.Be2 
f5 22.f4 Nf7 23.Nxd6 Nxd6 24.Rxd6 Bc8 25.Qd2 Qa1+ 26.Qd1 Qa5 27.Qd2 Qa1+ 
28.Qd1 Qa5 29.e5 Bb7 30.Bf3 Qc3 31.Kf2 Bxf3 32.Kxf3 g5 33.Rd3 Qb2 34.Rd8 
Qxh2 35.Qd5+ Kh8 36.Rxf8+ Bxf8 37.fxg5 Qh5+ 38.Kf2 Qh2+ 39.Kf1 f4 40.Qf3 
1-0

[Event "14th Capablanca Memorial"]
[Site "Cienfuegos CUB"]
[Date "1977.06.02"]
[Round "13"]
[White "Dorfman, Iosif"]
[Black "Estevez Morales, Guillermo"]
[Result "1/2-1/2"]
[WhiteElo "2445"]
[BlackElo "2360"]
[EventDate "1977.05.18"]
[PlyCount "87"]

1.Nf3 Nf6 2.c4 g6 3.g3 Bg7 4.Bg2 O-O 5.d4 d6 6.O-O Nc6 7.d5 Na5 8.Nbd2 c5 
9.Ne1 e6 10.Rb1 exd5 11.cxd5 Re8 12.Nc2 Bf5 13.Re1 Ne4 14.Nxe4 Bxe4 15.
Bxe4 Rxe4 16.b3 b6 17.Qd3 Re8 18.Bd2 Nb7 19.h4 Qd7 20.Kg2 c4 21.bxc4 Nc5 
22.Qf3 Ne4 23.Red1 Rac8 24.Na3 f5 25.Be1 Re7 26.e3 Qa4 27.Rd3 Nc5 28.Qd1 
Qd7 29.Rd2 f4 30.gxf4 Bc3 31.Qf3 Bxd2 32.Bxd2 Ne4 33.Bb4 a6 34.Be1 Qa4 35.
Rb3 Nc5 36.Rc3 Ne4 37.Rd3 Nc5 38.Rc3 b5 39.cxb5 axb5 40.Nc2 Qxa2 41.Nd4 
Qb1 42.Bd2 Rf8 43.Rc1 Qb2 44.Rc2 1/2-1/2

[Event "14th Capablanca Memorial"]
[Site "Cienfuegos CUB"]
[Date "1977.06.03"]
[Round "14"]
[White "Estevez Morales, Guillermo"]
[Black "Romanishin, Oleg"]
[Result "0-1"]
[WhiteElo "2360"]
[BlackElo "2595"]
[EventDate "1977.05.18"]
[PlyCount "118"]

1.d4 Nf6 2.c4 e6 3.Nf3 b6 4.g3 Bb4+ 5.Bd2 a5 6.Bg2 O-O 7.O-O Ba6 8.a3 Be7 
9.Ne5 Ra7 10.Qc2 d6 11.Nd3 d5 12.cxd5 exd5 13.Nc3 c5 14.dxc5 bxc5 15.Na4 
c4 16.Ne5 Bd6 17.Nf3 Re8 18.Bg5 Nbd7 19.Rfd1 Bb7 20.Nd4 h6 21.Nf5 Bb8 22.
Bf4 Ra6 23.Bxb8 Qxb8 24.Nc3 Nc5 25.Nd4 Rb6 26.Rab1 Ba8 27.Nf5 Qe5 28.Ne3 
Rd6 29.Qf5 Rd7 30.Qxe5 Rxe5 31.Nc2 Re8 32.Nd4 Rb8 33.a4 Kf8 34.Ndb5 Nxa4 
35.Nxa4 Rxb5 36.Nc3 Rb8 37.e3 Bc6 38.Ra1 a4 39.Nxa4 Ra7 40.Nc3 Rxa1 41.
Rxa1 Rxb2 42.Rd1 Rb3 43.Ne2 Ra3 44.h3 Ke7 45.Rc1 Kd6 46.Nd4 Bd7 47.Kf1 Ke5
48.Ke1 Ba4 49.Ne2 Nd7 50.Nc3 Nc5 51.Kd2 Bc6 52.h4 Nd3 53.Rb1 Nb4 54.Rb2 
Ra1 55.Rb1 Rxb1 56.Nxb1 d4 57.exd4+ Kxd4 58.Bxc6 Nxc6 59.Nc3 Ne7 0-1

[Event "14th Capablanca Memorial"]
[Site "Cienfuegos CUB"]
[Date "1977.06.03"]
[Round "14"]
[White "Hedman Senarega, Jose Antonio"]
[Black "Andersson, Ulf"]
[Result "0-1"]
[WhiteElo "2270"]
[BlackElo "2565"]
[EventDate "1977.05.18"]
[PlyCount "46"]

1.d4 Nf6 2.c4 e6 3.Nf3 c5 4.d5 exd5 5.cxd5 g6 6.Nc3 Bg7 7.Nd2 O-O 8.e4 d6 
9.Be2 Re8 10.O-O Nbd7 11.f4 a6 12.a4 c4 13.Kh1 Nc5 14.Qc2 Nfxe4 15.Ncxe4 
Bf5 16.Bf3 Qe7 17.Re1 Bxe4 18.Bxe4 f5 19.Ra3 fxe4 20.Nxc4 Nd3 21.Re2 Rac8 
22.a5 Qf7 23.b3 Qxd5 0-1

[Event "14th Capablanca Memorial"]
[Site "Cienfuegos CUB"]
[Date "1977.06.03"]
[Round "14"]
[White "Ferrera, Benjamin"]
[Black "Dorfman, Iosif"]
[Result "1/2-1/2"]
[WhiteElo "2310"]
[BlackElo "2445"]
[EventDate "1977.05.18"]
[PlyCount "50"]

1.c4 Nf6 2.Nc3 c5 3.g3 d5 4.cxd5 Nxd5 5.Bg2 Nc7 6.d3 e5 7.f4 exf4 8.Bxf4 
Ne6 9.Nh3 Be7 10.Nd5 O-O 11.Bd2 Nc6 12.Bc3 Ned4 13.Nhf4 Bg5 14.O-O Re8 15.
e3 Bxf4 16.Rxf4 Be6 17.Nf6+ gxf6 18.exd4 cxd4 19.Bxc6 bxc6 20.Bxd4 Qd5 21.
Bxf6 Bf5 22.Qh5 Bg6 23.Qh6 Qc5+ 24.d4 Qf8 25.Qxf8+ Kxf8 1/2-1/2

[Event "14th Capablanca Memorial"]
[Site "Cienfuegos CUB"]
[Date "1977.06.03"]
[Round "14"]
[White "Ermenkov, Evgeny"]
[Black "Menvielle Laccourreye, Augusto"]
[Result "1-0"]
[WhiteElo "2445"]
[BlackElo "2340"]
[EventDate "1977.05.18"]
[PlyCount "115"]

1.e4 c5 2.Nc3 e6 3.Nf3 d6 4.d4 cxd4 5.Nxd4 Nf6 6.Bc4 Be7 7.Bb3 O-O 8.g4 
Nc6 9.g5 Nxd4 10.Qxd4 Nd7 11.f4 Nc5 12.Bd2 b5 13.Nxb5 Bb7 14.Nc3 f5 15.
O-O-O Qb6 16.Be3 fxe4 17.Kb1 Nxb3 18.axb3 Qxd4 19.Rxd4 d5 20.Nxe4 Bc6 21.
Ng3 Bc5 22.Ne2 Bb5 23.Nc3 Bc6 24.Ne2 Rae8 25.b4 Bb6 26.Bc1 e5 27.Rdd1 d4 
28.Rhe1 d3 29.cxd3 Ba4 30.fxe5 Bxd1 31.Rxd1 Rxe5 32.Nc3 Bd4 33.Ne4 Rb5 34.
Bd2 a5 35.Bc3 Bxc3 36.bxc3 axb4 37.c4 Ra5 38.Kb2 Rb8 39.Rd2 b3 40.Nc3 Rxg5
41.d4 Ra5 42.c5 Kf7 43.c6 Ke7 44.d5 Kd6 45.Rd3 Kc7 46.Rg3 g6 47.Rh3 h5 48.
Re3 Ra2+ 49.Nxa2 bxa2+ 50.Kxa2 Kd6 51.Rd3 g5 52.Ka3 g4 53.Ka4 Rb2 54.Rc3 
Rxh2 55.c7 Ra2+ 56.Kb5 Ra8 57.c8=Q Rxc8 58.Rxc8 1-0

[Event "14th Capablanca Memorial"]
[Site "Cienfuegos CUB"]
[Date "1977.06.03"]
[Round "14"]
[White "Antoshin, Vladimir"]
[Black "Valdes Castillo, Arnaldo"]
[Result "1-0"]
[WhiteElo "2475"]
[BlackElo "2285"]
[EventDate "1977.05.18"]
[PlyCount "59"]

1.d4 Nf6 2.Nc3 c5 3.d5 e5 4.e4 d6 5.Nf3 Be7 6.h3 O-O 7.a4 Na6 8.Bxa6 bxa6 
9.Nd2 Ne8 10.Nc4 f5 11.exf5 Bxf5 12.O-O Nf6 13.f4 exf4 14.Bxf4 Ne8 15.Qd2 
Rb8 16.Rae1 Rb4 17.b3 Bh4 18.Re2 Qf6 19.Ne4 Qg6 20.Nexd6 Nxd6 21.Bxd6 Rxc4
22.Bxf8 Rxc2 23.Qe3 Rxe2 24.Qxe2 Bd3 25.Bxc5 h6 26.Rf8+ Kh7 27.Qe8 Qxe8 
28.Rxe8 Bc2 29.d6 Bxb3 30.d7 1-0

[Event "14th Capablanca Memorial"]
[Site "Cienfuegos CUB"]
[Date "1977.06.04"]
[Round "15"]
[White "Romanishin, Oleg"]
[Black "Ferrera, Benjamin"]
[Result "1-0"]
[WhiteElo "2595"]
[BlackElo "2310"]
[EventDate "1977.05.18"]
[PlyCount "25"]

1.e4 c5 2.Nc3 Nc6 3.Nge2 d6 4.d4 cxd4 5.Nxd4 Nf6 6.Bc4 Qb6 7.Nb3 e6 8.O-O 
Be7 9.a4 Qc7 10.Bd3 b6 11.Nb5 Qb8 12.N5d4 Nxd4 13.Nxd4 {jugadas despues} 
1-0

[Event "14th Capablanca Memorial"]
[Site "Cienfuegos CUB"]
[Date "1977.06.04"]
[Round "15"]
[White "Menvielle Laccourreye, Augusto"]
[Black "Rodriguez Cespedes, Amador"]
[Result "0-1"]
[WhiteElo "2340"]
[BlackElo "2395"]
[EventDate "1977.05.18"]
[PlyCount "68"]

1.e4 c5 2.Nf3 d6 3.d4 cxd4 4.Nxd4 Nf6 5.Nc3 a6 6.Bg5 e6 7.f4 b5 8.e5 dxe5 
9.fxe5 Qc7 10.Qe2 Nfd7 11.O-O-O Bb7 12.Qg4 Qb6 13.Nf3 h6 14.Bf4 Nc5 15.Nd2
Nbd7 16.Be2 Rc8 17.Rhe1 Qc7 18.a3 Na4 19.Ndb1 g5 20.Bd2 Nxe5 21.Qh3 Bg7 
22.Be3 Ng6 23.Bh5 Nf4 24.Bxf4 Qxf4+ 25.Rd2 O-O 26.Nxa4 Qxa4 27.Bf3 Bxf3 
28.gxf3 b4 29.Re4 Qb3 30.Rxb4 Bxb2+ 31.Kd1 Qa2 32.Qxh6 Qxb1+ 33.Ke2 Rc5 
34.f4 Qa1 0-1

[Event "14th Capablanca Memorial"]
[Site "Cienfuegos CUB"]
[Date "1977.06.04"]
[Round "15"]
[White "Garcia Gonzales, Guillermo"]
[Black "Rodriguez Cordoba, Jesus"]
[Result "1-0"]
[WhiteElo "2485"]
[BlackElo "2310"]
[EventDate "1977.05.18"]
[PlyCount "41"]

1.d4 Nf6 2.Nf3 g6 3.c4 Bg7 4.Nc3 c5 5.d5 d6 6.e4 O-O 7.Bd3 a6 8.a4 b6 9.h3
Nbd7 10.O-O Rb8 11.Bf4 Ne8 12.Qd2 Nc7 13.Rfe1 b5 14.axb5 axb5 15.cxb5 Nb6 
16.Bf1 f6 17.Rab1 Bd7 18.b4 c4 19.Nd4 Qe8 20.Nc6 Bxc6 21.bxc6 1-0

[Event "14th Capablanca Memorial"]
[Site "Cienfuegos CUB"]
[Date "1977.06.08"]
[Round "17"]
[White "Romanishin, Oleg"]
[Black "Antoshin, Vladimir"]
[Result "1-0"]
[WhiteElo "2595"]
[BlackElo "2475"]
[EventDate "1977.05.18"]
[PlyCount "63"]

1.c4 f5 2.Nf3 Nf6 3.g3 d6 4.d4 c6 5.Bg2 Qc7 6.O-O e5 7.dxe5 dxe5 8.Qc2 Na6
9.a3 Bd6 10.b4 Qe7 11.c5 Bc7 12.Nbd2 e4 13.Nd4 O-O 14.Nc4 Bd7 15.Bb2 f4 
16.Rad1 e3 17.Nd6 Bxd6 18.cxd6 Qxd6 19.Nxc6 Qe6 20.Nd4 Qb6 21.gxf4 Rae8 
22.Qb3+ Kh8 23.fxe3 Nc7 24.Rf3 Ne4 25.f5 Nb5 26.Ne6 Bxe6 27.fxe6 Rg8 28.
Rf7 Nbc3 29.Rd3 Nxe2+ 30.Kf1 N4c3 31.Rxc3 Nxc3 32.Qxc3 1-0

[Event "14th Capablanca Memorial"]
[Site "Cienfuegos CUB"]
[Date "1977.06.08"]
[Round "17"]
[White "Garcia Gonzales, Guillermo"]
[Black "Lechtynsky, Jiri"]
[Result "1/2-1/2"]
[WhiteElo "2485"]
[BlackElo "2375"]
[EventDate "1977.05.18"]
[PlyCount "81"]

1.d4 Nf6 2.c4 g6 3.Nc3 d5 4.Nf3 Bg7 5.e3 O-O 6.b4 b6 7.Bb2 c5 8.dxc5 bxc5 
9.Nxd5 Nxd5 10.Bxg7 Kxg7 11.cxd5 cxb4 12.Qd4+ Kg8 13.Bc4 Ba6 14.Rc1 Qb6 
15.Qh4 Nd7 16.O-O Nf6 17.Ne5 Bb7 18.Rcd1 Rad8 19.Rd4 Bxd5 20.Bxd5 Nxd5 21.
Qh6 Nf6 22.Rh4 Rd5 23.Ng4 Rfd8 24.Nxf6+ Qxf6 25.Qxh7+ Kf8 26.Rf4 Rf5 27.
Rxf5 gxf5 28.e4 fxe4 29.Qxe4 Qd4 30.Qh7 Rd6 31.g3 Qc3 32.Qe4 Qd4 33.Qb7 
Qb6 34.Qc8+ Kg7 35.Qg4+ Rg6 36.Qh4 Qc5 37.Rd1 Rd6 38.Qg4+ Kf8 39.h4 a5 40.
Rxd6 exd6 41.h5 1/2-1/2

[Event "14th Capablanca Memorial"]
[Site "Cienfuegos CUB"]
[Date "1977.06.08"]
[Round "17"]
[White "Vilela de Acuna, Jose Luis"]
[Black "Ermenkov, Evgeny"]
[Result "1/2-1/2"]
[WhiteElo "2405"]
[BlackElo "2445"]
[EventDate "1977.05.18"]
[PlyCount "24"]

1.c4 Nf6 2.Nc3 d5 3.cxd5 Nxd5 4.g3 g6 5.Bg2 Nb6 6.Nf3 Bg7 7.O-O Nc6 8.d3 
O-O 9.Be3 h6 10.Qd2 Kh7 11.Rfc1 e5 12.a4 a5 1/2-1/2

[Event "14th Capablanca Memorial"]
[Site "Cienfuegos CUB"]
[Date "1977.06.08"]
[Round "17"]
[White "Valdes Castillo, Arnaldo"]
[Black "Hedman Senarega, Jose Antonio"]
[Result "1/2-1/2"]
[WhiteElo "2285"]
[BlackElo "2270"]
[EventDate "1977.05.18"]
[PlyCount "21"]

1.e4 e5 2.Nf3 Nc6 3.Bb5 a6 4.Ba4 Nf6 5.d4 exd4 6.e5 Ne4 7.Bxc6 dxc6 8.Qxd4
Qxd4 9.Nxd4 Be7 10.Nd2 Nxd2 11.Bxd2 1/2-1/2

[Event "14th Capablanca Memorial"]
[Site "Cienfuegos CUB"]
[Date "1977.06.08"]
[Round "17"]
[White "Fernandez Gonzalez, Juan Carlos"]
[Black "Estevez Morales, Guillermo"]
[Result "1/2-1/2"]
[WhiteElo "2420"]
[BlackElo "2360"]
[EventDate "1977.05.18"]
[PlyCount "25"]

1.d4 Nf6 2.c4 g6 3.Nc3 d5 4.cxd5 Nxd5 5.e4 Nxc3 6.bxc3 Bg7 7.Bc4 c5 8.Ne2 
O-O 9.O-O Nc6 10.Be3 cxd4 11.cxd4 Bg4 12.f3 Na5 13.Bd5 1/2-1/2

[Event "14th Capablanca Memorial"]
[Site "Cienfuegos CUB"]
[Date "1977.06.08"]
[Round "17"]
[White "Andersson, Ulf"]
[Black "Rodriguez Cespedes, Amador"]
[Result "1/2-1/2"]
[WhiteElo "2565"]
[BlackElo "2395"]
[EventDate "1977.05.18"]
[PlyCount "27"]

1.Nf3 c5 2.g3 b6 3.Bg2 Bb7 4.O-O Nf6 5.c4 e6 6.b3 Be7 7.Bb2 O-O 8.Nc3 d5 
9.cxd5 Nxd5 10.d4 Nxc3 11.Bxc3 cxd4 12.Qxd4 Qxd4 13.Nxd4 Bxg2 14.Kxg2 
1/2-1/2